NBA All-Star Game MVPs - Statistics

General Stats
  • This quiz has been taken 39 times
  • The average score is 34 of 50
Answer Stats
Hint Answer % Correct
2013 Chris Paul
100%
2010 Dwyane Wade
100%
1993 John Stockton
100%
1989, 1993 Karl Malone
100%
2012, 2019 Kevin Durant
100%
2003 Kevin Garnett
100%
2002, 2007, 2009, 2011 Kobe Bryant
100%
2014 Kyrie Irving
100%
2006, 2008, 2018 LeBron James
100%
1988, 1996, 1998 Michael Jordan
100%
1994 Scottie Pippen
100%
2001, 2005 Allen Iverson
97%
1972 Jerry West
97%
1977, 1983 Julius Erving
97%
1982 Larry Bird
97%
1990, 1992 Magic Johnson
97%
1961, 1964, 1969 Oscar Robertson
97%
2015, 2016 Russell Westbrook
97%
2000, 2004, 2009 Shaquille O'Neal
97%
2000 Tim Duncan
97%
1960 Wilt Chamberlain
97%
2017 Anthony Davis
93%
1984, 1986 Isiah Thomas
93%
1963 Bill Russell
90%
1954, 1957 Bob Cousy
86%
1991 Charles Barkley
83%
1956, 1958, 1959, 1962 Bob Pettit
76%
1980 George Gervin
69%
1970 Willis Reed
69%
1953 George Mikan
59%
1959 Elgin Baylor
55%
1995 Mitch Richmond
52%
1985 Ralph Sampson
52%
1967 Rick Barry
52%
1975 Walt Frazier
52%
1979 David Thompson
45%
1997 Glen Rice
45%
1973 Dave Cowens
41%
1968 Hal Greer
34%
1981 Nate Archibald
28%
1987 Tom Chambers
28%
1974 Bob Lanier
21%
1971 Lenny Wilkens
21%
1952 Paul Arizin
21%
1966 Adrian Smith
17%
1976 Dave Bing
17%
1978 Randy Smith
17%
1965 Jerry Lucas
14%
1955 Bill Sharman
10%
1951 Ed Macauley
0%
No matching quizzes found
Score Distribution
Percent of People with Each Score
Percentile by Number Answered
Your Score History
You have not taken this quiz